| 000 | 00422nam a22001697a 4500 | ||
|---|---|---|---|
| 005 | 20180719163028.0 | ||
| 008 | 160524b xxu||||| |||| 00| 0 eng d | ||
| 020 | _a81-203-3166-6 | ||
| 041 | _aeng | ||
| 082 |
_b4654 _a658.154 |
||
| 100 |
_aBuckley, Adrian _91158 |
||
| 245 | _aInternational Capital Budgeting | ||
| 260 |
_aNew Delhi _bAcademic Faundation |
||
| 300 | _a362p, | ||
| 650 |
_aManagement _9241 |
||
| 942 | _cBK | ||
| 999 |
_c1574 _d1573 |
||